000 01387nam0a22002651 4500
001 rc\1052566
005 20041129103747.1
035 _a(NLR Aleph) 006213933
090 _a6397831
_c6397831
100 _a20041129d1980 u |0rusy50 ca
101 0 _arus
102 _aRU
105 _ay |||||||||
200 1 _aАгитационно-массовая работа в органах внутренних дел: содержание, организация, методика
_eУчеб. пособие [для слушателей ВПУ им. 60-летия ВЛКСМ, политработников органов милиции
_fК. ист. н. доц., подполк. Зыбин С.Ф., полк. Агеев Ю.А., подполковники Драмарецкий Д.Ф., к. ист. н. Казаченко В.Ф.]
210 _aЛ.
_cБ. и.
_d1980
215 _a71 с.
_d20
300 _aВ надзаг.: Высш. полит. уч-ще им. 60-летия ВЛКСМ МВД СССР
320 _aБиблиогр.: с. 68-70
701 1 _aЗыбин
_bС. Ф.
_gСтанислав Федорович
712 2 _aВысшее политическое училище им. 60-летия ВЛКСМ МВД СССР
_cЛенинград
_3RU\NLR\AUTH\8812563
801 0 _aRU
_bNLR
_gpsbo
801 1 _aRU
_bELAR
_2rusmarc
852 _aNLR
_j81-4/15618
942 _cBOOK
980 _aNB